Život popredného.../inc./ /Erenburg, Iľja/

Bibliographic Details
Format: Article
Language:Slovak
Subjects:

MARC

LEADER 00000nab a2200000 a 4500
001 vtls000096932
003 SK-MaSNL
005 20260303221745.0
008 150430c1981 xo 0 slo
015 |a SNBRB19rr/mm-uuuuu 
035 |a CL0107035 
040 |a SNKBUCL  |b slo  |c SNKBUCL  |e AACR2 
041 0 |a slo 
044 |a xo  |c SK 
080 |a 82:929:882  |2 1981 
080 |a 882  |2 1981 
080 |a 929 Erenburg, Iľja Grigorjevič  |2 1981 
245 0 0 |a Život popredného.../inc./ /Erenburg, Iľja/ 
600 1 7 |a Erenburg, Iľja Grigorievič,  |d 1891-1967  |2 snkbucl  |9 241875 
655 7 |a články z novín a časopisov  |2 snkbucl  |9 267496 
655 7 |a články z odboru literárna veda a krásna literatúra  |2 snkbucl  |9 770045 
773 0 |t Hlas ľudu  |g Roč. 27, č. 184 (6. 8. 1981), s. 6 
850 |a Slovenská národná knižnica v Martine  |a MTA001 
852 |a SNK  |b KIS3GCP 
958 |a RK 
958 |a LX 
958 |a SK 
992 |a RBX 
999 |c 2236033  |d 2237963